01063 2200337 4500001002100000005001500021035002000036007000300056008004100059020002200100040002200122082001400144084001600158090002200174100003700196245013300233250002600366300006100392500001100453650001300464700002700477700002800504850001200532504003300544264003000577336002100607337003000628338002300658999002200681990002200703INLIS00000000086455320210909095819 a0010-0921000303ta210909s2021 yoia gr ind d a978-979-21-7063-4 aYOPDYOGbinderda04223a411.7 a411.7 BLA n aCB-D.11 2021-09200 aBlasius Supraptad1957-epenulis10aNilai-nilai pendidikan karakter dalam prasasti Palah 1119 S /cpenulis, Balsius Suprapta, Luluk Mahmiya; penyunting, Uji Prastya aCetakan pertama: 2021 axvi, 173 halaman :bgambarberwarna, foto, tabel ;c23 cm aIndeks 4aPrasasti0 aLuluk Mahmiyaepenulis aUji Prastyaepenyunting aYOPDYOG aBibliografi: halaman 129-13331aSleman :bKanisius,c2021 2rdacontentateks 2rdamediaatanpa perantara 2rdacarrieravolume aCB-D.11/2021-0920 aCB-D.11/2021-0920